000 00634nam a2200205Ia 4500
003 IN-BaIIA
008 211028s9999 xx 000 0 eng d
020 _a0-7923-2527-3
040 _cIIA Library
080 _a52(082.1)
_bASS-187
100 _aWamsteker, W
_919273
245 0 _aFrontiers of space and groumd-based astronomy
_cW. Wamsteker
260 _aDordrecht
_bKluwer Academic
_c1994
300 _axxiii, 750p.
650 _aAstronomy
_980
650 _aAstronomy and Astrophysics Thesaurus
650 _aAstrophysics
_9794
650 _aSpace astronomy
_93005
942 _cBK
999 _c11246
_d11246